00393nam a22001572 4500001001100000005001700011008004100028020001700069040001500086100003300101245004100134250001300175260003200188300001200220852000300232000002392220151217155913.0130416s xx 000 0 eng d a0195728335 : aKABUcKABU1 aChimerah, Rocha.@000017832710aNyongo mkalia ini /cRocha Chimerah. a1st ed. aNairobi :bO. U. P.,c1995. a123 p.1